[Event "SLO-ch U16"]
[Site "Postojna"]
[Date "2008.02.26"]
[Round "3"]
[White "Borstnik, Andrej"]
[Black "Rakovec, Anze"]
[Result "1-0"]
[WhiteElo "1555"]
[BlackElo "1500"]
[PlyCount "39"]
[EventDate "2008.02.24"]
[EventType "swiss"]
[EventRounds "9"]
[EventCountry "SLO"]
[SourceTitle "EXT 2010"]
[Source "ChessBase"]
[SourceDate "2010.11.25"]
[SourceVersion "1"]
[SourceVersionDate "2010.11.25"]
[SourceQuality "1"]

1. e4 e5 2. f4 exf4 3. Nf3 Nc6 4. d4 g5 5. h4 f6 6. d5 Ne5 7. Nxe5 fxe5 8. Qh5+ Ke7 9. Qxg5+ Nf6 10. Qxe5+ Kf7 11. Qxf4 Bd6 12. Qf3 Qe7 13. Bd3 Ke8 14. Bg5 Be5 15. Nc3 Rf8 16. Rf1 Qc5 17. Bxf6 Rxf6 18. Qh5+ Rg6 19. Qxe5+ Kd8 20. Qh8+ 1-0

[Event "SLO-ch U16"]
[Site "Postojna"]
[Date "2008.02.26"]
[Round "4"]
[White "Tomazini, Aljosa"]
[Black "Borstnik, Andrej"]
[Result "1/2-1/2"]
[WhiteElo "2151"]
[BlackElo "1555"]
[PlyCount "118"]
[EventDate "2008.02.24"]
[EventType "swiss"]
[EventRounds "9"]
[EventCountry "SLO"]
[SourceTitle "EXT 2010"]
[Source "ChessBase"]
[SourceDate "2010.11.25"]
[SourceVersion "1"]
[SourceVersionDate "2010.11.25"]
[SourceQuality "1"]

1. e4 e5 2. Nc3 Nf6 3. Bc4 Nc6 4. f4 Bb4 5. Nf3 d6 6. d3 exf4 7. Bxf4 Na5 8. Bb3 Nxb3 9. axb3 Bd7 10. 0-0 0-0 11. Bg5 Bxc3 12. bxc3 h6 13. Bh4 Qe7 14. Qc1 Kh7 15. Qf4 Qe6 16. Nd4 Qe5 17. Bxf6 Qxf6 18. Qxf6 gxf6 19. Rxf6 a6 20. Nf5 Bxf5 21. Rxf5 f6 22. Raf1 Kg7 23. b4 c6 24. R1f3 b5 25. h4 a5 26. bxa5 Rxa5 27. c4 Ra1+ 28. Kh2 bxc4 29. dxc4 Ra4 30. Rc3 Re8 31. c5 Raxe4 32. cxd6 Rxh4+ 33. Kg3 Rd4 34. Rxc6 Re6 35. c4 Rdxd6 36. Rxd6 Rxd6 37. Rf3 Rc6 38. Rc3 f5 39. c5 Kf6 40. Kf4 Ke6 41. Re3+ Kd5 42. Re5+ Kd4 43. Rxf5 Rxc5 44. Rxc5 Kxc5 45. Ke5 Kc4 46. Ke4 Kc3 47. Ke3 Kc4 48. Ke4 Kc3 49. Ke3 Kc4 50. g3 Kd5 51. Kf4 Ke6 52. Kg4 Kf6 53. Kh4 Kf5 54. Kh5 Ke4 55. Kg4 Ke3 56. Kh4 Kf3 57. Kh3 h5 58. Kh4 Kg2 59. Kxh5 Kxg3 1/2-1/2

[Event "SLO-ch U16"]
[Site "Postojna"]
[Date "2008.02.25"]
[Round "2"]
[White "Borstnik, Andrej"]
[Black "Mlakar, Marko"]
[Result "1-0"]
[WhiteElo "1555"]
[BlackElo "1500"]
[PlyCount "96"]
[EventDate "2008.02.24"]
[EventType "swiss"]
[EventRounds "9"]
[EventCountry "SLO"]
[SourceTitle "EXT 2010"]
[Source "ChessBase"]
[SourceDate "2010.11.25"]
[SourceVersion "1"]
[SourceVersionDate "2010.11.25"]
[SourceQuality "1"]

1. e4 e5 2. f4 exf4 3. Nf3 d5 4. e5 f6 5. d4 c5 6. Bxf4 cxd4 7. Qxd4 Qe7 8. Qxd5 Qb4+ 9. Bd2 Qxb2 10. Bc3 Qxc2 11. Nh4 Ne7 12. Qc4 fxe5 13. Na3 Be6 14. Nxc2 Bxc4 15. Bxc4 Nec6 16. Nf3 Bd6 17. 0-0-0 Bc7 18. Rhe1 Nd7 19. Bb5 0-0-0 20. Bxc6 bxc6 21. Nxe5 Nxe5 22. Rxd8+ Rxd8 23. Bxe5 Bxe5 24. Rxe5 Rd7 25. Nb4 Kb7 26. Kc2 Rf7 27. Nd3 Kc7 28. g3 g6 29. Kd2 Kd6 30. Re2 Rd7 31. Kc3 Rb7 32. Kc4 a5 33. Nf4 Rb5 34. Rd2+ Kc7 35. Ne6+ Kb6 36. Kc3 h6 37. Rb2 a4 38. Rxb5+ Kxb5 39. Nf4 g5 40. Ne6 c5 41. Nd8 h5 42. Ne6 h4 43. Nxg5 hxg3 44. hxg3 c4 45. Nf3 Kc5 46. g4 Kd5 47. g5 Ke6 48. Kxc4 a3 1-0